200 Most Popular Boys Names in the US (2020) - Statistics

General Stats
  • This quiz has been taken 852 times
  • The average score is 90 of 200
Answer Stats
Answer % Correct
27 J John
93%
5 W William
93%
21 J Jack
92%
1 L Liam
91%
6 J James
90%
3 O Oliver
90%
14 D Daniel
86%
12 M Michael
86%
2 N Noah
86%
182 A Alex
84%
28 D David
83%
9 H Henry
83%
7 B Benjamin
82%
94 J Jose
82%
30 M Matthew
81%
60 E Eli
80%
67 L Luca
80%
163 L Luka
80%
45 T Thomas
80%
52 A Andrew
78%
13 E Ethan
78%
17 J Jackson
77%
15 J Jacob
77%
48 J Jaxon
77%
85 J Jaxson
77%
133 G George
76%
31 L Luke
76%
25 S Samuel
76%
26 J Joseph
75%
8 L Lucas
75%
10 A Alexander
74%
46 C Charles
74%
4 E Elijah
73%
55 N Nathan
73%
47 C Christopher
72%
195 E Edward
72%
36 L Leo
71%
96 A Adam
70%
80 R Robert
70%
119 J Jason
68%
70 J Jonathan
68%
92 X Xavier
68%
54 J Joshua
67%
87 N Nicholas
67%
63 A Aaron
64%
41 A Anthony
64%
39 I Isaac
64%
196 L Leon
64%
11 M Mason
64%
135 Z Zachary
64%
24 A Aiden
63%
122 A Ayden
63%
93 K Kai
63%
22 O Owen
63%
105 E Evan
62%
57 R Ryan
62%
82 J Jordan
61%
137 L Luis
61%
198 E Eric
60%
168 J Justin
60%
83 I Ian
59%
16 L Logan
59%
130 T Tyler
59%
37 J Jayden
58%
193 T Timothy
57%
166 B Brandon
55%
62 C Christian
55%
43 D Dylan
55%
156 K Kevin
55%
126 N Nathaniel
55%
172 T Theo
55%
194 A Alan
51%
33 C Carter
51%
161 K Karter
51%
75 J Jeremiah
50%
147 M Max
50%
19 S Sebastian
50%
200 V Victor
50%
121 V Vincent
50%
64 C Cameron
49%
38 G Gabriel
49%
34 J Julian
49%
23 T Theodore
48%
56 C Caleb
47%
114 H Harrison
47%
145 J Juan
47%
162 A Arthur
46%
109 B Beau
46%
78 C Connor
46%
164 E Elliot
46%
158 E Elliott
46%
51 I Isaiah
46%
128 J Jonah
46%
86 L Leonardo
46%
18 L Levi
45%
139 K Kaiden
43%
99 K Kayden
43%
29 W Wyatt
43%
35 G Grayson
42%
81 G Greyson
42%
89 A Austin
41%
69 H Hunter
41%
169 J Jesus
40%
20 M Mateo
40%
174 M Matteo
40%
187 X Xander
40%
68 L Landon
39%
59 M Miles
39%
124 M Myles
39%
32 A Asher
38%
74 C Cooper
38%
53 E Elias
38%
153 I Ivan
38%
58 A Adrian
37%
131 C Cole
37%
110 D Damian
37%
177 H Hayden
37%
111 B Brayden
36%
149 C Carlos
36%
84 C Carson
36%
95 P Parker
36%
136 A Ashton
35%
123 C Chase
35%
154 J Jude
35%
61 N Nolan
35%
98 W Wesley
35%
141 G Gavin
34%
50 J Josiah
34%
40 L Lincoln
34%
88 D Dominic
33%
44 E Ezra
31%
72 A Axel
30%
106 E Emmett
30%
65 E Ezekiel
30%
178 F Finn
30%
134 M Milo
30%
104 W Weston
30%
180 A Antonio
29%
66 C Colton
29%
176 D Dean
29%
107 M Micah
29%
146 M Maxwell
28%
188 M Miguel
28%
183 T Tristan
28%
97 J Jace
27%
79 J Jameson
27%
151 J Jayce
27%
181 A Abel
26%
90 E Everett
26%
42 H Hudson
26%
138 J Jasper
26%
77 R Roman
26%
101 B Bennett
25%
179 B Brody
25%
76 A Angel
24%
167 C Camden
24%
184 G Graham
24%
143 C Calvin
23%
73 E Easton
23%
49 M Maverick
23%
108 R Ryder
22%
100 S Silas
22%
155 A August
21%
129 R River
21%
113 R Rowan
21%
144 Z Zion
21%
142 B Bentley
20%
102 D Declan
20%
125 D Diego
20%
115 B Bryson
19%
186 J Judah
19%
160 A Archer
18%
150 E Emmanuel
18%
71 S Santiago
17%
192 T Tucker
17%
185 Z Zayden
17%
132 B Braxton
16%
173 E Enzo
16%
171 K King
16%
170 M Maddox
16%
157 M Malachi
16%
103 W Waylon
16%
91 B Brooks
15%
148 R Ryker
15%
116 S Sawyer
15%
199 A Ace
14%
120 G Giovanni
14%
152 L Lorenzo
14%
112 G Gael
13%
191 B Barrett
12%
197 D Dawson
12%
118 K Kingston
12%
165 T Thiago
12%
117 A Amir
11%
159 R Rhett
10%
140 A Adriel
9%
189 A Atlas
9%
175 E Emiliano
7%
127 L Legend
7%
190 M Messiah
6%
No matching quizzes found
Score Distribution
Percent of People with Each Score
Percentile by Number Answered
Your Score History
You have not taken this quiz